Odyssey : Pepsi to Apple--a journey of adventure, ideas, and the future

Сохранить в:
Библиографические подробности
Формат:
Язык:Undetermined
Опубликовано: New York Harper & Row 1987
Предметы:
Метки: Добавить метку
Нет меток, Требуется 1-ая метка записи!
Thư viện lưu trữ: Trung tâm Học liệu Trường Đại học Cần Thơ
LEADER 00631nam a2200205Ia 4500
001 CTU_87017
008 210402s9999 xx 000 0 und d
082 |a 331.47 
082 |b O.27 
245 0 |a Odyssey : 
245 0 |b Pepsi to Apple--a journey of adventure, ideas, and the future 
245 0 |c John Sculley with John A. Byrne. 
260 |a New York 
260 |b Harper & Row 
260 |c 1987 
650 |a Sculley, John,Apple Computer, Inc,Businesspeople,Computer industry 
650 |x Biography 
650 |z United states,United states 
904 |i Năm 
980 |a Trung tâm Học liệu Trường Đại học Cần Thơ